Normal view
MARC view
- Blum,Richard
Entry Personal Name
001 - CONTROL NUMBER
- control field: 6643
003 - CONTROL NUMBER IDENTIFIER
- control field: JO-AjAnu
005 - DATE AND TIME OF LATEST TRANSACTION
- control field: 20230606071357.0
008 - FIXED-LENGTH DATA ELEMENTS
- fixed length control field: 230606|| aca||aabn | a|a d
040 ## - CATALOGING SOURCE
- Original cataloging agency: JO-AjAnu
- Transcribing agency: JO-AjAnu
100 ## - HEADING--PERSONAL NAME
- Personal name: Blum,Richard
670 ## - SOURCE DATA FOUND
- Source citation: Work cat.: (JO-AjAnu)3442: Blum,Richard, author, Linux for dummies: A Wiley Brand